Wszystkie miasta autostrady A4 - Statystyki

Ogólne statystyki
  • Ten quiz został rozwiązany 56 razy
  • Średni wynik to 19 z 28
Statystyki odpowiedzi
Województwo Liczba mieszkańców Odpowiedź % Poprawnych
Dolnośląskie 673 500 Wrocław
98%
Śląskie 278 100 Katowice
92%
Małopolskie 807 600 Kraków
92%
Dolnośląskie 88 300 Legnica
88%
Małopolskie 102 600 Tarnów
88%
Śląskie 100 000 Chorzów
84%
Śląskie 169 300 Gliwice
84%
Śląskie 153 100 Zabrze
84%
Śląskie 71 100 Mysłowice
80%
Śląskie 129 500 Ruda Śląska
80%
Małopolskie 28 200 Wieliczka
78%
Śląskie 86 400 Jaworzno
76%
Małopolskie 28 400 Bochnia
74%
Podkarpackie 42 700 Dębica
74%
Dolnośląskie 29 300 Zgorzelec
72%
Małopolskie 33 700 Chrzanów
70%
Małopolskie 15 800 Brzesko
68%
Podkarpackie 35 200 Jarosław
62%
Podkarpackie 17 800 Łańcut
58%
Podkarpackie 14 500 Przeworsk
54%
Dolnośląskie 7200 Kąty Wrocławskie
48%
Małopolskie 18 400 Trzebinia
46%
Podkarpackie 12 400 Sędziszów Małopolski
44%
Opolskie 15 200 Krapkowice
40%
Małopolskie 23 900 Skawina
40%
Śląskie 9400 Imielin
38%
Opolskie 6400 Gogolin
32%
Opolskie 2600 Prószków
22%
Nie znaleziono quizów pasujących do podanych kryteriów
Rozkład punktacji
Procent ludzi z każdym wynikiem
Percentyl według liczby udzielonych odpowiedzi
Twoja historia wyników
Nie rozwiązałeś tego quizu